[Event "Collado Villalba op 39th"]
[Site "Collado Villalba"]
[Date "2022.08.27"]
[Round "8"]
[White "Olmedo Alvarez, Marcos"]
[Black "Garcia Lozano, Javier"]
[Result "0-1"]
[WhiteElo "1328"]
[BlackElo "1392"]
[PlyCount "64"]
[EventDate "2022.08.20"]
[EventType "swiss"]
[EventRounds "9"]
[EventCountry "ESP"]
[SourceTitle "EXT 2023"]
[Source "ChessBase"]
[SourceDate "2022.10.05"]
[SourceVersion "1"]
[SourceVersionDate "2022.10.05"]
[SourceQuality "1"]

1. e4 e5 2. Nf3 Nc6 3. Nc3 Bc5 4. Nxe5 Nxe5 5. d4 Bb4 6. dxe5 Qe7 7. Bd2 Qxe5 8. Bd3 Nf6 9. 0-0 0-0 10. Nd5 Nxd5 11. exd5 Bxd2 12. Qxd2 Qxb2 13. Qf4 d6 14. a4 a5 15. Qc4 Qb6 16. Rfb1 Qc5 17. Qh4 g6 18. Rb5 Qc3 19. Rb3 Qxa1+ 20. Bf1 b6 21. Rg3 Ba6 22. c4 Qg7 23. Rh3 Bc8 24. Re3 Bd7 25. g4 Bxa4 26. g5 Bd7 27. Qf4 a4 28. Ra3 Rfe8 29. h4 Qe5 30. Qf6 Qxf6 31. gxf6 h5 32. f4 Re4 0-1

[Event "Collado Villalba op 39th"]
[Site "Collado Villalba"]
[Date "2022.08.23"]
[Round "4"]
[White "Martin Garcia, Francisco Javier"]
[Black "Garcia Lozano, Javier"]
[Result "1/2-1/2"]
[WhiteElo "1509"]
[BlackElo "1392"]
[PlyCount "84"]
[EventDate "2022.08.20"]
[EventType "swiss"]
[EventRounds "9"]
[EventCountry "ESP"]
[SourceTitle "EXT 2023"]
[Source "ChessBase"]
[SourceDate "2022.10.05"]
[SourceVersion "1"]
[SourceVersionDate "2022.10.05"]
[SourceQuality "1"]

1. d4 Nf6 2. c4 g6 3. Nf3 Bg7 4. Nc3 0-0 5. e4 d6 6. Be2 c5 7. h3 cxd4 8. Nxd4 Nc6 9. Be3 Bd7 10. Nc2 b6 11. Qd2 Rc8 12. 0-0 Na5 13. Na3 Be6 14. Rac1 Nxc4 15. Nxc4 Bxc4 16. Bxc4 Rxc4 17. Qd3 Rc8 18. Qa6 Qd7 19. f3 Ne8 20. Nb5 Nc7 21. Nxc7 Rxc7 22. Rxc7 Qxc7 23. Rc1 Qd7 24. b3 f5 25. Qc4+ e6 26. exf5 gxf5 27. Qc7 Qxc7 28. Rxc7 Rf7 29. Rc6 Be5 30. Bh6 Bg7 31. Bxg7 Kxg7 32. Rxd6 Kf6 33. f4 Rc7 34. Rd2 Ke7 35. g4 fxg4 36. hxg4 Kf6 37. Re2 Rg7 38. Rg2 e5 39. fxe5+ Kxe5 40. Kf2 Kf4 41. Rh2 Rf7 42. Rg2 Rg7 1/2-1/2

[Event "Tres Cantos op 10th"]
[Site "Tres Cantos"]
[Date "2018.06.23"]
[Round "3.43"]
[White "Castro Uceda, Jose Antonio"]
[Black "Garcia Lozano, Javier"]
[Result "1-0"]
[WhiteElo "1606"]
[BlackElo "1311"]
[PlyCount "103"]
[EventDate "2018.06.21"]
[EventType "swiss"]
[EventRounds "9"]
[EventCountry "ESP"]
[SourceTitle "EXT 2024"]
[Source "ChessBase"]
[SourceDate "2023.10.10"]
[SourceVersion "1"]
[SourceVersionDate "2023.10.10"]
[SourceQuality "1"]

1. e4 e5 2. Qh5 Nc6 3. Bc4 g6 4. Qf3 Nf6 5. Ne2 Bc5 6. d3 h6 7. a3 d6 8. h3 Na5 9. Ba2 Nc6 10. b4 Bb6 11. c3 Be6 12. Bxe6 fxe6 13. Be3 Bxe3 14. Qxe3 d5 15. exd5 exd5 16. b5 Na5 17. Qxe5+ Qe7 18. Qxe7+ Kxe7 19. Nd4 Rae8 20. 0-0 Kd7 21. Nd2 h5 22. Rfe1 h4 23. N2f3 Rxe1+ 24. Rxe1 Kc8 25. Re6 Nh5 26. Rxg6 Nf4 27. Rg4 Nxd3 28. Rxh4 Rxh4 29. Nxh4 c6 30. bxc6 bxc6 31. Nhf5 c5 32. Nb5 Kb7 33. h4 Kb6 34. Nbd6 c4 35. h5 Nf4 36. h6 Ng6 37. Nf7 Nf8 38. g4 Nc6 39. Kf1 d4 40. cxd4 Ng6 41. h7 c3 42. Ne3 Nxd4 43. Nd5+ Kc5 44. Nxc3 Kc4 45. Ne4 Kb3 46. h8Q Nxh8 47. Nxh8 Kxa3 48. g5 Nf5 49. g6 Kb4 50. Nd6 a5 51. Nxf5 a4 52. g7 1-0

[Event "Tres Cantos op 10th"]
[Site "Tres Cantos"]
[Date "2018.06.22"]
[Round "2.35"]
[White "Garcia Lozano, Javier"]
[Black "Rodriguez Bernal, Herman"]
[Result "0-1"]
[WhiteElo "1311"]
[BlackElo "1743"]
[PlyCount "43"]
[EventDate "2018.06.21"]
[EventType "swiss"]
[EventRounds "9"]
[EventCountry "ESP"]
[SourceTitle "EXT 2024"]
[Source "ChessBase"]
[SourceDate "2023.10.10"]
[SourceVersion "1"]
[SourceVersionDate "2023.10.10"]
[SourceQuality "1"]

1. e4 e5 2. Nf3 Nf6 3. Nc3 Nc6 4. Bc4 Bc5 5. d3 h6 6. Be3 Qe7 7. Nb5 Bxe3 8. fxe3 d6 9. Nc3 Na5 10. Bb3 Nxb3 11. axb3 Bg4 12. h3 Bd7 13. d4 exd4 14. Qxd4 c5 15. Qd3 Bc6 16. Nb5 Nxe4 17. Nxa7 Ng3 18. Rg1 0-0 19. Kf2 Ne4+ 20. Ke2 d5 21. Nxc6 bxc6 22. Nh4 0-1

[Event "Madrid San Viator op-B 29th"]
[Site "Madrid"]
[Date "2017.10.01"]
[Round "3"]
[White "Garcia Lozano, Javier"]
[Black "Amador Andujar, Gabriel"]
[Result "1-0"]
[WhiteElo "1301"]
[BlackElo "1090"]
[PlyCount "81"]
[EventDate "2017.09.17"]
[EventType "swiss"]
[EventRounds "9"]
[EventCountry "ESP"]
[SourceTitle "EXT 2019"]
[Source "ChessBase"]
[SourceDate "2018.10.10"]
[SourceVersion "1"]
[SourceVersionDate "2018.10.10"]
[SourceQuality "1"]

1. e4 e5 2. Nf3 Nc6 3. d4 d6 4. d5 Nb4 5. a3 Na6 6. Bd3 Be7 7. Be3 Nf6 8. c4 Ng4 9. 0-0 Nxe3 10. fxe3 Bg5 11. Qe2 Nc5 12. b4 Nxd3 13. Qxd3 0-0 14. c5 b5 15. a4 bxa4 16. Rxa4 Bd7 17. c6 Bc8 18. Nc3 a6 19. b5 Bg4 20. Rxa6 Rxa6 21. bxa6 Qa8 22. Nxg5 h6 23. Nf3 Rb8 24. Ra1 Rb6 25. a7 Bc8 26. Nd2 Kf8 27. Nf1 Rb3 28. Nd2 Rb6 29. Ne2 Rb2 30. Qc3 Rb6 31. Qc4 Rb2 32. Nf3 f6 33. Nh4 Kf7 34. Nf5 Rb6 35. Neg3 Rb2 36. Qa4 Rb6 37. Kf2 Rb2+ 38. Kf3 Kg6 39. Ne7+ Kf7 40. Nxc8 Rd2 41. Qb4 1-0

[Event "Madrid San Viator op-B 27th"]
[Site "Madrid"]
[Date "2016.11.20"]
[Round "9"]
[White "Garcia Lozano, Javier"]
[Black "Simon Escalona, Irene"]
[Result "0-1"]
[WhiteElo "1359"]
[BlackElo "1488"]
[PlyCount "50"]
[EventDate "2016.09.25"]
[EventType "swiss"]
[EventRounds "9"]
[EventCountry "ESP"]
[SourceTitle "EXT 2019"]
[Source "ChessBase"]
[SourceDate "2018.10.10"]
[SourceVersion "1"]
[SourceVersionDate "2018.10.10"]
[SourceQuality "1"]

1. e4 e5 2. Nf3 Nc6 3. Bc4 Bc5 4. d3 h6 5. Nc3 Nf6 6. 0-0 0-0 7. Bd2 d6 8. h3 Na5 9. Bb3 Nxb3 10. axb3 a6 11. Qc1 Nh7 12. Be3 Bxe3 13. Qxe3 f5 14. Nd2 f4 15. Qe2 c6 16. Nf3 Ng5 17. Nxg5 Qxg5 18. Qf3 Rf6 19. Ne2 Be6 20. c4 Raf8 21. Kh2 Qh4 22. Ra5 Rg6 23. Rg1 Bg4 24. Nxf4 exf4 25. Rh5 Qxh5 0-1

[Event "Madrid San Viator op-B 27th"]
[Site "Madrid"]
[Date "2016.10.02"]
[Round "2"]
[White "Periotto Miori, Fabrizio Lautaro"]
[Black "Garcia Lozano, Javier"]
[Result "1/2-1/2"]
[WhiteElo "1237"]
[BlackElo "1359"]
[PlyCount "50"]
[EventDate "2016.09.25"]
[EventType "swiss"]
[EventRounds "9"]
[EventCountry "ESP"]
[SourceTitle "EXT 2017"]
[Source "ChessBase"]
[SourceDate "2016.10.25"]
[SourceVersion "1"]
[SourceVersionDate "2016.10.25"]
[SourceQuality "1"]

1. e4 e5 2. Nf3 Nc6 3. Bc4 Bc5 4. d3 Nf6 5. c3 d6 6. Bb3 Bg4 7. Nbd2 b5 8. 0-0 0-0 9. Re1 Qd7 10. Nf1 Rad8 11. Ne3 Be6 12. Bc2 Rfe8 13. a3 d5 14. exd5 Nxd5 15. Nd2 Nxe3 16. fxe3 Bg4 17. Nf3 Qc8 18. Qe2 f5 19. Qf2 f4 20. Ng5 Rf8 21. Qh4 h6 22. Bb3+ Kh8 23. Nf7+ Rxf7 24. Bxf7 Rxd3 25. Bg6 Bf5 1/2-1/2